赫尔岑大学典藏系列·主图书馆藏书 (Запись № 13514641)
[ простой вид ]
| 000 -МАРКЕР | |
|---|---|
| контрольное поле | 03129nam0a22004211 4500 |
| 001 - ИДЕНТИФИКАТОР ЗАПИСИ | |
| контрольное поле | RU\NLR\BIBL_A\022680585 |
| 005 - ИДЕНТИФИКАТОР ВЕРСИИ | |
| контрольное поле | 20260113110421.0 |
| 010 ## - МЕЖДУНАРОДНЫЙ СТАНДАРТНЫЙ НОМЕР КНИГИ (ISBN) | |
| Номер (ISBN) | 978-5-8064-3670-3 |
| Тираж | 500 |
| 021 ## - НОМЕР ГОСУДАРСТВЕННОЙ РЕГИСТРАЦИИ | |
| Код страны | Российская Федерация |
| Номер | АЛ-П-25-01153и |
| Номер Листа государственной регистраци | АЛ-П-25-0221 |
| 035 ## - ДРУГИЕ СИСТЕМНЫЕ НОМЕРА | |
| Идентификатор записи | (NLR Aleph) 022680585 |
| 100 ## - ДАННЫЕ ОБЩЕЙ ОБРАБОТКИ | |
| Данные общей обработки | 20251205d2025 u y0rusy50 ca |
| 101 0# - ЯЗЫК РЕСУРСА | |
| Язык текста, звукозаписи и т.д. | китайский |
| Язык оригинала | русский |
| 102 ## - СТРАНА ПУБЛИКАЦИИ ИЛИ ПРОИЗВОДСТВА | |
| Страна публикации | Российская Федерация |
| 105 ## - ПОЛЕ КОДИРОВАННЫХ ДАННЫХ: ТЕКСТОВЫЕ МАТЕРИАЛЫ, МОНОГРАФИЧЕСКИЕ | |
| Кодированные данные о монографическом текстовом документе | y z 000 y |
| 181 #0 - ПОЛЕ КОДИРОВАННЫХ ДАННЫХ: ВИД СОДЕРЖАНИЯ | |
| Код вида содержания (ISBD) | i |
| Код характеристики содержания (ISBD) | axxe |
| 182 #0 - ПОЛЕ КОДИРОВАННЫХ ДАННЫХ: ТИП СРЕДСТВА | |
| Код типа средства (ISBD) | n - непосредственное |
| 200 1# - ЗАГЛАВИЕ И СВЕДЕНИЯ ОБ ОТВЕТСТВЕННОСТИ | |
| Основное заглавие | 赫尔岑大学典藏系列·主图书馆藏书 |
| Первые сведения об ответственности | С.Е.沃洛斯科娃 [等] |
| Последующие сведения об ответственности | 梁萃珍、张萌 [译者] |
| 203 ## - ВИД СОДЕРЖАНИЯ И ТИП СРЕДСТВА | |
| Вид содержания | Текст |
| Дополнительные сведения об издании | визуальный |
| Тип средства | непосредственный |
| 210 ## - ПУБЛИКАЦИЯ, РАСПРОСТРАНЕНИЕ И ДР. | |
| Место издания, распространения и т.д. | Санкт-Петербург |
| Имя издателя, распространителя и т. д. | Издательство РГПУ |
| Дата издания, распространения и т.д. | 2025 |
| 210 ## - ПУБЛИКАЦИЯ, РАСПРОСТРАНЕНИЕ И ДР. | |
| Место издания, распространения и т.д. | 圣彼得堡 |
| Имя издателя, распространителя и т. д. | 俄罗斯国立赫尔岑师范大学出版社 |
| Дата издания, распространения и т.д. | 2025 |
| 215 ## - ФИЗИЧЕСКАЯ ХАРАКТЕРИСТИКА | |
| Специфическое обозначение материала и объем | 119 с. |
| Другие сведения о физической характеристике | цв. ил., факс. |
| Размеры | 23x25 см |
| 300 ## - ОБЩИЕ ПРИМЕЧАНИЯ | |
| Текст примечания | На авантит.: Российский государственный педагогический университет им. А. И. Герцена = 俄罗斯国立赫尔岑师范大学 |
| 324 ## - ПРИМЕЧАНИЕ О ПЕРВОНАЧАЛЬНОЙ (ОРИГИНАЛЬНОЙ) ВЕРСИИ | |
| Текст примечания | Пер. с рус. по изд.: Уникальные коллекции Герценовского университета: Книги из собрания фундаментальной библиотеки: альбом. - Санкт-Петербург: Изд-во РГПУ им. А. И. Герцена, 2024. 978-5-8064-3516-4 |
| 510 1# - ПАРАЛЛЕЛЬНОЕ ЗАГЛАВИЕ | |
| Параллельное заглавие | Уникальные коллекции Герценовского университета. Книги из собрания Фундаментальной библиотеки |
| Сведения, относящиеся к заглавию | альбом на китайском языке |
| Язык заглавия | русский |
| 601 02 - НАИМЕНОВАНИЕ ОРГАНИЗАЦИИ КАК ПРЕДМЕТ | |
| Начальный элемент ввода | Российский государственный педагогический университет им. А. И. Герцена |
| Идентифицирующий признак | Санкт-Петербург, город |
| Структурное подразделение организации | Фундаментальная библиотека им. императрицы Марии Федоровны |
| Тематический подзаголовок | Фонды |
| Формальный подзаголовок | Альбомы |
| Код системы | nlr_sh2 |
| Идентификатор авторитетной/нормативной записи | RU\NLR\AUTH\6601712538 |
| 606 1# - НАИМЕНОВАНИЕ ТЕМЫ КАК ПРЕДМЕТ | |
| Наименование темы | Книги |
| Тематический подзаголовок | Собрания библиотек |
| Географический подзаголовок | Санкт-Петербург, город |
| Код системы | nlr_sh2 |
| Идентификатор авторитетной/нормативной записи | RU\NLR\AUTH\6601564143 |
| 702 #1 - ИМЯ ЛИЦА - ВТОРИЧНАЯ ОТВЕТСТВЕННОСТЬ | |
| Начальный элемент ввода | Квелидзе-Кузнецова |
| Часть имени, кроме начального элемента ввода | Н. Н. |
| Даты | 1963- |
| Расширение инициалов личного имени | Натела Нодарьевна |
| Идентификатор авторитетной/нормативной записи | RU\NLR\AUTH\770184322 |
| Код отношения | Редактор |
| 702 #1 - ИМЯ ЛИЦА - ВТОРИЧНАЯ ОТВЕТСТВЕННОСТЬ | |
| Начальный элемент ввода | Волоскова |
| Часть имени, кроме начального элемента ввода | С. Е. |
| Расширение инициалов личного имени | Снежана Евгеньевна |
| Код отношения | Составитель |
| 702 #1 - ИМЯ ЛИЦА - ВТОРИЧНАЯ ОТВЕТСТВЕННОСТЬ | |
| Начальный элемент ввода | Лян Цуйчжэнь |
| Код отношения | Переводчик |
| 702 #1 - ИМЯ ЛИЦА - ВТОРИЧНАЯ ОТВЕТСТВЕННОСТЬ | |
| Начальный элемент ввода | Чжан Мэн |
| Код отношения | Переводчик |
| 711 02 - НАИМЕНОВАНИЕ ОРГАНИЗАЦИИ - АЛЬТЕРНАТИВНАЯ ОТВЕТСТВЕННОСТЬ | |
| Начальный элемент ввода | Российский государственный педагогический университет им. А. И. Герцена |
| Идентифицирующий признак | Санкт-Петербург |
| Структурное подразделение | Фундаментальная библиотека им. императрицы Марии Федоровны |
| Идентификатор авторитетной/нормативной записи | RU\NLR\AUTH\880571469 |
| 711 02 - НАИМЕНОВАНИЕ ОРГАНИЗАЦИИ - АЛЬТЕРНАТИВНАЯ ОТВЕТСТВЕННОСТЬ | |
| Начальный элемент ввода | Российский государственный педагогический университет им. А. И. Герцена |
| Идентифицирующий признак | Санкт-Петербург |
| Идентификатор авторитетной/нормативной записи | RU\NLR\AUTH\889929136 |
| 852 ## - МЕСТОНАХОЖДЕНИЕ И ШИФР ХРАНЕНИЯ | |
| Идентификатор организации | NLR |
| Наименование фонда или коллекции (Sub-Location Identifier) | ОЛСАА-кит. |
| Шифр хранения (Call Number) | 3-5689 |
| 942 ## - ДОПОЛНИТЕЛЬНЫЕ ЭЛЕМЕНТЫ ЗАПИСИ (АБИС) | |
| Тип экземпляра АБИС | Книга |
| 980 1# - КОЛЛЕКЦИЯ | |
| Название коллекции | |
| 980 ## - КОЛЛЕКЦИЯ | |
| Название коллекции | Национальная библиография |
Нет доступных экземпляров.